000
00230 a2200097 4500
001
41834
100
_a
Little W
245
_a
The Shorter Oxford English Dictionary
260
_a
London
_b
Clarendon Press
_c
090
_c
25935
_d
25935
942
_a
NUST-CAE
_c
M
_c
17708
999
_c
276907
_d
276907